Kleine spanische Sprachlehre für den Gebrauch in Schulen und zum Selbstunterricht (Record no. 10717)
[ view plain ]
| 000 -CABECERA | |
|---|---|
| campo de control de longitud fija | 01001nam a2200277 a 4500 |
| 001 - NÚMERO DE CONTROL | |
| campo de control | BRL_1909 |
| 005 - FECHA Y HORA DE LA ÚLTIMA TRANSACCIÓN | |
| campo de control | 20190320211430.0 |
| 008 - DATOS DE LONGITUD FIJA--INFORMACIÓN GENERAL | |
| campo de control de longitud fija | 170815s1937----gw-#######---#000-0#ger-# |
| 041 ## - CÓDIGO DE LENGUA | |
| Código de lengua del texto/banda sonora o título independiente | ger |
| 044 ## - CÓDIGO DEL PAÍS DE LA ENTIDAD EDITORA/PRODUCTORA | |
| Código MARC del país | gw |
| 050 #4 - SIGNATURA TOPOGRÁFICA DE LA BIBLIOTECA DEL CONGRESO | |
| Número de clasificación | PF3128 |
| Número de documento/Ítem | .M37 1937 |
| 100 1# - ENTRADA PRINCIPAL--NOMBRE DE PERSONA | |
| Nombre de persona | Marquard Sauer, Karl |
| 9 (RLIN) | 28208 |
| 245 10 - MENCIÓN DE TÍTULO | |
| Título | Kleine spanische Sprachlehre für den Gebrauch in Schulen und zum Selbstunterricht |
| Mención de responsabilidad, etc. | von Karl Marquard Sauer ; Neubearbeitet und herausgegeben von Richard Ruppert y Ujaravi |
| 260 ## - PUBLICACIÓN, DISTRIBUCIÓN, ETC. | |
| Lugar de publicación, distribución, etc. | Heidelberg |
| Nombre del editor, distribuidor, etc. | Julius Groos, Derlag |
| Fecha de publicación, distribución, etc. | 1937 |
| 300 ## - DESCRIPCIÓN FÍSICA | |
| Extensión | viii, 238 p. |
| Dimensiones | 20 cm. |
| 440 #0 - MENCIÓN DE SERIE/PUNTO DE ACCESO ADICIONAL--TÍTULO | |
| Título | Methode Gaspen Otto Sauer |
| 9 (RLIN) | 28209 |
| 500 ## - NOTA GENERAL | |
| Nota general | ej.1 Au1974, ej.2 Au2148 |
| 500 ## - NOTA GENERAL | |
| Nota general | La biblioteca cuenta con dos ejemplares |
| 500 ## - NOTA GENERAL | |
| Nota general | Estado físico: Encuadernación desprendida. |
| 500 ## - NOTA GENERAL | |
| Nota general | Texto: Alemán y español |
| 650 14 - PUNTO DE ACCESO ADICIONAL DE MATERIA--TÉRMINO DE MATERIA | |
| Término de materia o nombre geográfico como elemento de entrada | Alemán |
| Subdivisión general | Libros de lectura - Español |
| 9 (RLIN) | 28210 |
| 650 14 - PUNTO DE ACCESO ADICIONAL DE MATERIA--TÉRMINO DE MATERIA | |
| Término de materia o nombre geográfico como elemento de entrada | Alemán |
| Subdivisión general | Gramática |
| 9 (RLIN) | 28211 |
| 700 1# - PUNTO DE ACCESO ADICIONAL--NOMBRE DE PERSONA | |
| Nombre de persona | Ruppert y Ujaravi, Richard |
| 9 (RLIN) | 28212 |
| 902 ## - CATALOGADOR | |
| Iniciales | GRL |
| 942 ## - ELEMENTOS DE PUNTO DE ACCESO ADICIONAL (KOHA) | |
| Fuente del sistema de clasificación o colocación | Library of Congress Classification |
| Tipo de ítem Koha | Libros |
| Estado de retiro | Estado de pérdida | Estado dañado | No para préstamo | Localización permanente | Ubicación/localización actual | Fecha de adquisición | Total de préstamos | Signatura topográfica completa | Código de barras | Fecha visto por última vez | Precio válido a partir de | Tipo de ítem Koha |
|---|---|---|---|---|---|---|---|---|---|---|---|---|
| El ejemplar forma parte de la colección y puede ser consultado según las políticas vigentes. | Biblioteca Centro de Estudios Ruth D. Lechuga | Biblioteca Centro de Estudios Ruth D. Lechuga | 17/08/2015 | PF3128 .M37 1937 | GRL02113 | 22/03/2019 | 22/03/2019 | Libros | ||||
| El ejemplar forma parte de la colección y puede ser consultado según las políticas vigentes. | Biblioteca Centro de Estudios Ruth D. Lechuga | Biblioteca Centro de Estudios Ruth D. Lechuga | 21/01/2016 | PF3128 .M37 1937 | GRL02114 | 22/03/2019 | 22/03/2019 | Libros |